000 00628cam a2200253 4500
001 J11426
008 000000n2001 000 0 eng u
035 _a(Sirsi) u117508
050 _a333.337
110 _aInsignia Richard Ellis
_93847
245 _aWorld office rents - July 2001
260 _aLondon
_bInsignia
_c2001
300 _a1 folded sheet
650 _aEUROPE
650 _aASIA
650 _aNORTH AMERICA
650 _aAUSTRALASIA
650 _aOFFICE RENTS
650 _aOFFICES
650 _aOCCUPATION COSTS
650 _aPROPERTY-COMMERCIAL PROPERTY
690 _aINTERNATIONAL
942 _n0
999 _c102010
_d102010